Recent sediments, northwest Gulf of Mexico : a symposium summarizing the results of work carried on in Project 51 of the American Petroleum Institute, 1951-1958 /

Saved in:
Bibliographic Details
Corporate Authors: Scripps Institution of Oceanography, American Association of Petroleum Geologists
Other Authors: Shepard, Francis P. (Francis Parker), 1897-
Format: Book
Language:English
Published: Tulsa, Okla. : American Association of Petroleum Geologists, 1960.
Subjects:
LEADER 01668nam a2200337 a 4500
001 c000006995
003 CARM
005 00000000000000.0
008 850709s1960 okuabf b 00010 eng
019 1 |a 4067066  |z 9584995  |z 47385895  |5 LACONCORD2021 
035 |a (OCoLC)519425  |5 LACONCORD2021 
040 |a DLC/ICU  |c ICU  |d AMG 
043 |a nm----- 
050 0 0 |a QE581  |b .C33 
051 |c Copy 2. 
245 0 0 |a Recent sediments, northwest Gulf of Mexico :  |b a symposium summarizing the results of work carried on in Project 51 of the American Petroleum Institute, 1951-1958 /  |c edited by Francis P. Shepard, Fred B. Phleger, and Tjeerd H. van Andel. 
260 |a Tulsa, Okla. :  |b American Association of Petroleum Geologists,  |c 1960. 
300 |a 394 p., [5] leaves of plates :  |b ill., maps ;  |c 25 cm. 
500 |a Includes index. 
500 |a "The project was given to the University of California and administered at the Scripps Institution of Oceanography, mostly under the University's Institute of Marine Reosurces ..." -- Pref. 
504 |a Bibliography: p. 368-381. 
610 2 0 |a American Petroleum Institute.  |b Project 51. 
650 0 |a Sediments (Geology)  |z Mexico, Gulf of. 
650 0 |a Marine biology  |z Mexico, Gulf of. 
700 1 |a Shepard, Francis P.  |q (Francis Parker),  |d 1897- 
710 2 0 |a Scripps Institution of Oceanography. 
710 2 0 |a American Association of Petroleum Geologists. 
852 8 |b CARM  |h A2:AE20A0  |i B00794  |p 0036225  |f BK 
082 0 4 |a 551.463 
999 f f |i cf598123-79e2-5564-9d82-b1a71aed0bdb  |s ee7c76a2-fc2d-5fe3-bcf4-21d5d6adcf5e 
952 f f |p Can circulate  |a CAVAL  |b CAVAL  |c CAVAL  |d CARM 1 Store  |e B00794  |f A2:AE20A0  |h Other scheme  |i book  |m 0036225